Normal view
MARC view
- Rhea, Robert A .
Entry Personal Name
001 - CONTROL NUMBER
- control field: 1515
003 - CONTROL NUMBER IDENTIFIER
- control field: OSt
005 - DATE AND TIME OF LATEST TRANSACTION
- control field: 20160926104611.0
008 - FIXED-LENGTH DATA ELEMENTS
- fixed length control field: 160926|| aca||aabn | a|a d
040 ## - CATALOGING SOURCE
- Original cataloging agency: OSt
- Transcribing agency: OSt
100 ## - HEADING--PERSONAL NAME
- Personal name: Rhea, Robert A .
670 ## - SOURCE DATA FOUND
- Source citation: Work cat.: (OSt)6813: Parisher, Roy A . 1514, Pipe Drafting and Design Workbook: Using Manual, Autocad, and Pro-Pipe Applications / , 1996.
